MDQL
is popping MORE tags! Check the
thread
!
Quizzes
Events
Quiz Creation
Community
Videos
Private Events
Remove Ads
Sign In
Join for FREE
Feedback
Dark Mode
Quiz Categories
Sports
Geography
Music
Movies
Television
Just For Fun
Miscellaneous
History
Literature
Language
Science
Gaming
Entertainment
Religion
Holiday
For Kids
Quiz Lab
Recent
Popular Today
Quiz Kudos Today
Editor Picks
Curator Picks
Quizzes by...
Day
Popularity
Type
Ratings
Length
Year
Community
Subscriptions
Recent Discussions
Orange Saloon
Badges
Playlists
Quests
Create
Leaderboards
Showdown
Live 5
Trivia Bingo
Activity
Puzzle Library
Sporcle Events
Private Events
Virtual Trivia
Globe League
Become a Host
Pub Owners
SporcleCon
Opinionation
Our Games
Videos
Blog
Mobile Apps
Partnerships
Remove Ads and Go Orange
Feedback
Movies
Disney
Marvel Cinematic Universe
Movie Resume
Movie Titles
Oscar
Actor
Actress
Director
Pixar
Role
Movie Quotes
Movie Characters
Box Office
Nominee
Best Picture
Star Wars
James Bond
Horror Movies
Movies
Disney
Marvel Cinematic Universe
Movie Resume
Movie Titles
Oscar
Actor
Actress
Director
Pixar
Role
Movie Quotes
Movie Characters
Box Office
Nominee
Best Picture
Star Wars
James Bond
Horror Movies
Random Quiz
Search Sporcle
×
Quiz Lab
Quiz Lab
Movies
Actor
Type in answers that appear in a list
Type in answers that appear in a list
Classic
Best Score? Go Orange.
Cinematic Siblings Stats
Can you name the films in which these actors play each others' siblings?
By
pator
7m
23 Questions
140 Plays
140 Plays
140 Plays
Comments
Comments
Give Quiz Kudos
Give Quiz Kudos
-
- Ratings
hide this ad
Random Order
Randomize order of answers
Randomize order of answers
Replay
Link that replays current quiz
Next Quiz
Link to next quiz in quiz playlist
You Got
0%
They Got
Avg Score
54%
Avg Friend Score
Upgrade to see
Score Distribution
Jump to the score distribution portion of the page
Score
0/23
Timer
07:00
0
Plays Today
Sibling
Movie
% Correct
Arnold Schwarzenegger
Twins
90%
Dustin Hoffman
Rain Man
88.6%
Al Pacino
The Godfather
85%
Johnny Depp
What's Eating Gilbert Grape?
75%
Adam Sandler
Jack and Jill
71.4%
Jake Gyllenhaal
Donnie Darko
70.7%
Edward Norton
American History X
69.3%
Scarlett Johansson
The Other Boleyn Girl
57.1%
Greg Kinnear
Stuck on You
55.7%
Gwyneth Paltrow
The Royal Tenenbaums
55%
Toni Collette
Little Miss Sunshine
53.6%
Tobey Maguire
Brothers
49.3%
Sibling
Movie
% Correct
Michael Douglas
The Game
48.6%
Toni Collette
In Her Shoes
45%
Colin Firth
The King's Speech
45%
Beau Bridges
The Fabulous Baker Boys
44.3%
Mia Farrow
Hannah and Her Sisters
41.4%
Brad Pitt
Legends of the Fall
39.3%
Kate Winslet
The Holiday
36.4%
Matthew McConaughey
EDtv
33.6%
Greg Kinnear
Sabrina
27.1%
Nicolas Cage
Lord of War
22.9%
Christina Ricci
The Ice Storm
17.1%
Quiz Playlist
Details
Report
Send in Message
Add To Playlist
Classic:
Type in answers that appear in a list
Random Order:
Randomize order of answers
Quiz Source
Last Updated: Feb 16, 2017
Quiz Scoreboard
CHALLENGE
Sign Up to Join the Scoreboard
Show All
Scores
Hide
Comments
May contain spoilers
Recently Published
Street Fighter Characters
by Artimus82
Gaming
60s
9x9 Crossword: Cartoon Network
by jackfrog10
Miscellaneous
3m
College Basketball Coaching Resumes
by pancakes188
Sports
9m
More to Explore
Quiz From the Vault
Featured Blog Post
Where Did the Easter Bunny Come From?
hide this ad
You Might Also Like...
Tags
Actor Quiz
Play Quiz
cinematic
Sibling
Today's Top Quizzes in Movies
Browse Movies
hide this ad
Today's Top Quizzes in Actor
Browse Actor
Top Contributed Quizzes in Movies
1
Pick 5 Posters: Directed by Spielberg
2
7-to-1: Pixar Characters
3
Hidden Star Wars Character II
4
Pick 5 Posters: Lowest-Rated Spielberg
5
Sorting Actors
6
Sorting Actresses
7
Hidden Star Wars Character III
8
Pick 5 Posters: Directed by Scorsese
9
Hidden Star Wars Character IV
10
Pick 5 Posters: Star & Director
Explore More
Trending Topics
Marvel
Crossword
NBA
Harry Potter
Disney
Kpop
Anime
Song
Pokémon
The Office
WWE
NFL
Country
Soccer
Puzzle
hide this ad
More By:
pator
Quiz
Plays
Rating
Category
Featured
Created
Countries That Don't End in a Vowel (A-Z)
197,825
4.18
Geography
Jun 5, 2011
Name The Most Populous...
75,987
4.42
Geography
May 2, 2012
Isolated Capitals By Country
64,301
4.47
Geography
Aug 19, 2011
Holy Oscar Winners Batman!
57,565
4.50
Movies
Aug 25, 2011
Capital Ain't The Biggest City
26,402
3.79
Geography
Jan 8, 2011
Go to Creator's Profile
Score Distribution
Quiz Creator Spotlight
pator
Follow
Send a Message
Quizzes Created
-
Created Quiz Play Count
-
More By This Creator
Popular Quizzes Today
1
Find the US States - No Outlines Minefield
2
Find the Countries of Europe - No Outlines Minefield
3
The Countries of the World
4
Find the US States
5
Risky Map Clicking: Biggest States A-Z
6
US States
7
Popular People in 1961
8
Movies - When Are They Set?
More Movies Quizzes
Movies by Alternative Title Interpretation
Editor's Pick
Trending Quizzes
Risky Map Clicking: Least Populous States A-Z
Countries of the World: 200 Million BC
1-10 Letter G Words
Risky Map Clicking: Next State Alphabetically
Adjectives in 80s TV Shows
Recently Updated
Leaping Animals
pecheneg
Reality TV Shows (A-Z)
bhenderson79
Rickey Henderson's Hall of Fame Teammates
pecheneg
Champions League XIs: Arsenal
pecheneg
Quick Pick: Celebrities in WWE's Hall of Fame
aduchscher
A-Z Keypad Blitz II
pecheneg
Multiple Oscar Actors
pecheneg
Mystery Phrase Blitz: Oscar 'Best Actors'
pecheneg
F. Scott Fitzgerald Novels
LTH
Pick 3 Villains
ddd62291
Trending Topics
NBA
Harry Potter
Kpop
Anime
Marvel
Crossword
Disney
NFL
The Office
Song
WWE
Pokémon
Soccer
Country
Puzzle
Your Account Isn't Verified!
In order to create a playlist on Sporcle, you need to verify the email address you used during registration. Go to your
Sporcle Settings
to finish the process.
Report this User
Report this user for behavior that violates our
Community Guidelines
.
Details:
Send Report
Go to the Sporcle.com Mobile Site →
Comments